Herba : sumber perubatan tradisional : merawat pelbagai penyakit

Bibliographic Details
Main Author: Ayob Ismail
Format: Book
Published: Selangor : Golden books centre , 2005
Subjects:

MARC

LEADER 00000cam a2200000 7i4500
001 0000024770
005 20130419.0
008 110313 my a
020 |a 9837204451 ,   |c RM15.00 
040 |a INS 
090 0 0 |a QK99   |b A96 2005 
100 0 |a Ayob Ismail 
245 1 0 |a Herba : sumber perubatan tradisional :   |b merawat pelbagai penyakit   |c Ayob Ismail 
260 |a Selangor :   |b Golden books centre ,   |c 2005 
300 |a iii,83ms :   |b il ;   |c 21cm. 
650 0 |a Herbs   |x Therapeutic use 
650 0 |a Medicinal plants 
999 |a 1000001044   |b BOOK   |c Open Shelf   |e Default branch